|
|
|
|
| LEADER |
00733cam a2200205 a 4500 |
| 001 |
0000052774 |
| 005 |
20030821090000.0 |
| 040 |
|
|
|a mod
|
| 041 |
|
|
|a eng
|
| 020 |
0 |
0 |
|a 9839062468
|
| 090 |
0 |
0 |
|a 909.07
|b MAT
|e 1998
|
| 100 |
1 |
0 |
|a Matwiy
|h Muhammad Al-'Arusiy
|
| 245 |
1 |
0 |
|a Perang salib di alam Islami
|b muslihat bangsa Eropah untuk menghancurkan Islam
|c Muhammad Al-`Arusiy al-Matwiy; penterjemah Ahmad Asri Lubis
|
| 260 |
0 |
0 |
|a Kuala Lumpur
|b Pustaka Syuhada
|c 1998
|
| 300 |
0 |
0 |
|a xxxiii, 406p.
|c 21cm
|
| 650 |
0 |
0 |
|a Crusades
|
| 650 |
0 |
0 |
|a Islamic empire
|x History
|y 750-1258
|
| 700 |
1 |
1 |
|a Lubis
|h Ahmad Asri
|
| 999 |
|
|
|a 0185848
|b 10 BGD
|d BOOKS
|e Umum
|f 10 BGD
|j AVAILABLE
|q GOOD CONDITION
|
| 999 |
|
|
|a 0218525
|b 6 BGD
|d BOOKS
|e Umum
|f 6 BGD
|j AVAILABLE
|q GOOD CONDITION
|